Progresos y problemas en al aplicación de las Leyes de Participación Popular y Descentralización Administrativas en Bolivia / (Record no. 1865)

MARC details
000 -LEADER
campo de control de longitud fija 00585cam a2200169 4500
001 - NÚMERO DE CONTROL
campo de control 10667
005 - FECHA Y HORA DE LA ÚLTIMA TRANSACCIÓN
campo de control 20230404125640.0
008 - DATOS DE LONGITUD FIJA--INFORMACIÓN GENERAL
campo de control de longitud fija 060907n1997 wau spa
035 ## - NÚMERO DE CONTROL DEL SISTEMA
-- funglode10751
041 ## - CÓDIGO DE IDIOMA
Código de lengua del texto/banda sonora o título independiente spa
050 14 - SIGNATURA TOPOGRÁFICA DE LA BIBLIOTECA DEL CONGRESO
Número de clasificación CD F
110 ## - ENTRADA PRINCIPAL--NOMBRE DE ENTIDAD CORPORATIVA
Nombre de entidad corporativa o nombre de jurisdicción como elemento de entrada Banco Interamericano de Desarrollo
245 1# - MENCIÓN DEL TÍTULO
Título Progresos y problemas en al aplicación de las Leyes de Participación Popular y Descentralización Administrativas en Bolivia /
Mención de responsabilidad, etc. Banco Interamericano de Desarrollo
260 ## - PUBLICACIÓN, DISTRIBUCIÓN, ETC.
Lugar de publicación, distribución, etc. Washington D.C. :
Nombre del editor, distribuidor, etc. Banco Interamericano de Desarrollo,
Fecha de publicación, distribución, etc. 1997
300 ## - DESCRIPCIÓN FÍSICA
Extensión viii, 41 p.
942 ## - ELEMENTOS DE ENTRADA SECUNDARIOS (KOHA)
Fuente del sistema de clasificación o colocación Clasificación de Library of Congress
Tipo de ítem Koha
Holdings
Estatus retirado Estado de pérdida Fuente del sistema de clasificación o colocación Estado de daño No para préstamo Colección Biblioteca de origen Biblioteca actual Ubicación en estantería Fecha de adquisición Serial enumeration / chronology Total checkouts Signatura topográfica completa Código de barras Visto por última vez Copia número Precio de reemplazo Tipo de ítem Koha
    Clasificación de Library of Congress     Referencia Biblioteca Juan Bosch Biblioteca Juan Bosch Colección Documental (Referencia, 1er. Piso) 23/10/2018 1   CD F 00000000175 23/10/2018 1 23/10/2018